[Event "FRM-chT 24th"]
[Site "Struga"]
[Date "2015.07.20"]
[Round "1"]
[White "Koteski, Djorgji"]
[Black "Selkovski, Zarko"]
[Result "1-0"]
[WhiteElo "2218"]
[BlackElo "2015"]
[PlyCount "77"]
[EventDate "2015.07.20"]
[EventType "team-tourn"]
[EventRounds "7"]
[EventCountry "MKD"]
[SourceTitle "CBM 167 Extra"]
[Source "ChessBase"]
[SourceDate "2015.09.14"]
[SourceVersion "1"]
[SourceVersionDate "2015.09.14"]
[SourceQuality "1"]
[WhiteTeam "Prilep"]
[BlackTeam "Bitola Noemvri"]
[WhiteTeamCountry "MKD"]
[BlackTeamCountry "MKD"]

1. d4 Nf6 2. Nf3 g6 3. g3 Bg7 4. Bg2 0-0 5. 0-0 c6 6. Nbd2 d5 7. c4 Bf5 8. Qb3 Nbd7 9. Qxb7 Qb6 10. Qxb6 Nxb6 11. Ne5 Rac8 12. f3 Nfd7 13. f4 Nxe5 14. dxe5 Nxc4 15. Nxc4 dxc4 16. e4 Bg4 17. Be3 a6 18. Rfc1 Be2 19. Bc5 Rfe8 20. Bf1 Bd3 21. Bxd3 cxd3 22. Rd1 Rcd8 23. Kf2 Bf8 24. Ke3 e6 25. Rac1 Bxc5+ 26. Rxc5 Kf8 27. Rxd3 Rxd3+ 28. Kxd3 Ke7 29. Ra5 Ra8 30. Kc4 Kd7 31. b4 Kc7 32. Kc5 h6 33. Ra3 Kb7 34. Rd3 Rc8 35. a4 Kc7 36. Rd6 Kb7 37. Rd7+ Rc7 38. Rxc7+ Kxc7 39. a5 1-0

[Event "FRM-chT 23rd"]
[Site "Struga"]
[Date "2014.07.18"]
[Round "5.4"]
[White "Mitkov, Marjan"]
[Black "Koteski, Djorgji"]
[Result "1-0"]
[WhiteElo "2325"]
[BlackElo "2231"]
[PlyCount "55"]
[EventDate "2014.07.14"]
[EventType "team-tourn"]
[EventRounds "5"]
[EventCountry "MKD"]
[SourceTitle "CBM 161 Extra"]
[Source "ChessBase"]
[SourceDate "2014.08.29"]
[SourceVersion "1"]
[SourceVersionDate "2014.08.29"]
[SourceQuality "1"]
[WhiteTeam "Skopje Gambit"]
[BlackTeam "Prilep"]
[WhiteTeamCountry "MKD"]
[BlackTeamCountry "MKD"]

1. d4 d5 2. c4 c6 3. Nf3 e6 4. Qc2 f5 5. g3 Nf6 6. Bg2 Bd6 7. 0-0 0-0 8. b3 Qe8 9. Ba3 Bxa3 10. Nxa3 Qh5 11. Qc1 Ne4 12. Nc2 g5 13. Nce1 Rf6 14. Nd3 Rh6 15. h4 f4 16. hxg5 Nxg5 17. Nh4 fxg3 18. fxg3 Qg4 19. Qf4 Qxf4 20. Rxf4 Nd7 21. Raf1 dxc4 22. bxc4 e5 23. Nxe5 Nxe5 24. Rf8+ Kg7 25. dxe5 a5 26. Rd8 Rxh4 27. gxh4 Ne6 28. Re8 1-0

[Event "FRM-chT 22nd"]
[Site "Struga"]
[Date "2013.08.01"]
[Round "4.4"]
[White "Ermenkov, Evgenij"]
[Black "Koteski, Djorgji"]
[Result "1-0"]
[WhiteElo "2423"]
[BlackElo "2261"]
[PlyCount "75"]
[EventDate "2013.07.29"]
[EventType "team-tourn"]
[EventRounds "7"]
[EventCountry "MKD"]
[SourceTitle "CBM 155 Extra"]
[Source "ChessBase"]
[SourceDate "2013.08.26"]
[SourceVersion "1"]
[SourceVersionDate "2013.08.26"]
[SourceQuality "1"]
[WhiteTeam "Kochani"]
[BlackTeam "Prilep"]
[WhiteTeamCountry "MKD"]
[BlackTeamCountry "MKD"]

1. c4 c5 2. Nc3 Nc6 3. g3 g6 4. Bg2 Bg7 5. e3 e6 6. Nge2 Nge7 7. Nf4 f5 8. d3 0-0 9. h4 Rb8 10. Qd2 a6 11. b3 d6 12. Bb2 e5 13. Nfd5 b5 14. h5 Be6 15. hxg6 hxg6 16. f4 Qa5 17. Rd1 Rfe8 18. Kf2 Bf7 19. Ba1 Nb4 20. Nxe7+ Rxe7 21. Nd5 Ree8 22. Bc3 bxc4 23. dxc4 Qa3 24. Nxb4 cxb4 25. Ba1 a5 26. Bd5 Be6 27. Bxe6+ Rxe6 28. Qd5 Rbe8 29. c5 exf4 30. gxf4 Bxa1 31. cxd6 Qb2+ 32. Rd2 Qf6 33. d7 Rd8 34. Rxa1 Qh4+ 35. Ke2 Kf7 36. Rh1 Qg4+ 37. Kd3 Kf6 38. Qd4+ 1-0

[Event "FRM-chT 21st"]
[Site "Struga"]
[Date "2012.07.20"]
[Round "5.5"]
[White "Stanojoski, Zvonko"]
[Black "Koteski, Djorgji"]
[Result "1-0"]
[WhiteElo "2461"]
[BlackElo "2276"]
[PlyCount "51"]
[EventDate "2012.07.16"]
[EventType "team-tourn"]
[EventRounds "7"]
[EventCountry "MKD"]
[SourceTitle "CBM 149 Extra"]
[Source "ChessBase"]
[SourceDate "2012.08.24"]
[SourceVersion "1"]
[SourceVersionDate "2012.08.24"]
[SourceQuality "1"]
[WhiteTeam "Skopje Alkaloid"]
[BlackTeam "Prilep"]
[WhiteTeamCountry "MKD"]
[BlackTeamCountry "MKD"]

1. e4 g6 2. d4 Bg7 3. Nc3 c6 4. f4 d5 5. e5 h5 6. Nf3 Bg4 7. Be3 Nh6 8. h3 Nf5 9. Bf2 Bxf3 10. Qxf3 h4 11. Bd3 e6 12. Ne2 Nd7 13. c3 Qb6 14. 0-0 0-0-0 15. b4 Rdg8 16. a4 Bf8 17. Rfb1 Qd8 18. b5 c5 19. c4 dxc4 20. Be4 Qc7 21. a5 g5 22. b6 axb6 23. axb6 Nxb6 24. Ra7 Nd5 25. Bxd5 exd5 26. Ra8+ 1-0

[Event "FRM-chT 21st"]
[Site "Struga"]
[Date "2012.07.16"]
[Round "1.1"]
[White "Koteski, Djorgji"]
[Black "Gochev, Mladen"]
[Result "1/2-1/2"]
[WhiteElo "2276"]
[BlackElo "2252"]
[PlyCount "89"]
[EventDate "2012.07.16"]
[EventType "team-tourn"]
[EventRounds "7"]
[EventCountry "MKD"]
[SourceTitle "CBM 149 Extra"]
[Source "ChessBase"]
[SourceDate "2012.08.24"]
[SourceVersion "1"]
[SourceVersionDate "2012.08.24"]
[SourceQuality "1"]
[WhiteTeam "Prilep"]
[BlackTeam "Kochani"]
[WhiteTeamCountry "MKD"]
[BlackTeamCountry "MKD"]

1. d4 Nf6 2. Nf3 d6 3. Bg5 Nbd7 4. Nbd2 h6 5. Bh4 g5 6. Bg3 Nh5 7. e3 Bg7 8. Bd3 e6 9. c3 Qe7 10. Qc2 a6 11. 0-0-0 b5 12. Rhe1 Bb7 13. Be4 c6 14. Kb1 Ndf6 15. Bd3 0-0 16. e4 Nxg3 17. hxg3 Ng4 18. Nf1 Rfd8 19. Qe2 c5 20. Bc2 Rac8 21. N3d2 Nf6 22. f4 b4 23. e5 Nd7 24. Nc4 dxe5 25. dxe5 bxc3 26. bxc3 Rb8 27. Ka1 Bd5 28. Nfe3 Nb6 29. Nxb6 Rxb6 30. Nxd5 exd5 31. Qd3 c4 32. Qd4 Rdb8 33. Rb1 Rxb1+ 34. Rxb1 Rxb1+ 35. Bxb1 Qa3 36. Qd2 h5 37. Qe3 h4 38. fxg5 hxg3 39. Qxg3 d4 40. Qh3 Bxe5 41. g6 fxg6 42. Bxg6 Qc1+ 43. Bb1 Qe3 44. Qc8+ Kg7 45. Qb7+ 1/2-1/2

[Event "FRM-ch op 19th"]
[Site "Struga"]
[Date "2010.07.23"]
[Round "8"]
[White "Koteski, Djorgji"]
[Black "Vladimirov, Vladimir"]
[Result "1-0"]
[WhiteElo "2261"]
[BlackElo "2192"]
[PlyCount "143"]
[EventDate "2010.07.18"]
[EventType "swiss"]
[EventRounds "9"]
[EventCountry "MKD"]
[SourceTitle "CBM 137 Extra"]
[Source "ChessBase"]
[SourceDate "2010.09.01"]
[SourceVersion "1"]
[SourceVersionDate "2010.09.01"]
[SourceQuality "1"]

1. Nf3 Nf6 2. g3 d5 3. Bg2 e6 4. d4 Be7 5. c4 0-0 6. b3 c5 7. cxd5 Nxd5 8. 0-0 cxd4 9. Nxd4 Bf6 10. Bb2 Qb6 11. Na3 Nc6 12. Nc4 Qc5 13. Nxc6 Bxb2 14. Nxb2 Qxc6 15. e4 Nf6 16. Rc1 Qa6 17. a4 e5 18. Nc4 Re8 19. Qd6 Qxd6 20. Nxd6 Rd8 21. Nc4 Be6 22. Na5 Rd7 23. Rfe1 Ne8 24. Bf1 Nd6 25. Rc3 f6 26. f3 Kf7 27. Rec1 Rad8 28. b4 g5 29. g4 h5 30. h3 hxg4 31. hxg4 Ke7 32. R1c2 Bf7 33. b5 Ne8 34. Rh2 Rb8 35. Rh7 Kd8 36. Rh8 Rc8 37. Rxc8+ Kxc8 38. Bc4 Kd8 39. Bxf7 Rxf7 40. Nc4 Rd7 41. a5 Rd3 42. Kf2 Rd4 43. Ne3 Kd7 44. Nd5 Ra4 45. Rh7+ Kd8 46. Rxb7 Rxa5 47. b6 axb6 48. Rxb6 Ra2+ 49. Kg3 Rd2 50. Nxf6 Nd6 51. Nd5 Nc4 52. Rg6 Kd7 53. Rxg5 Kd6 54. Rg8 Re2 55. g5 Nd2 56. g6 Nf1+ 57. Kh4 Nh2 58. Rf8 Rg2 59. Kh3 Rxg6 60. Kxh2 Ke6 61. f4 Rh6+ 62. Kg3 exf4+ 63. Kxf4 Rh4+ 64. Ke3 Rh1 65. Rf6+ Ke5 66. Rf5+ Kd6 67. Nf4 Re1+ 68. Kd4 Rd1+ 69. Nd3 Ke6 70. Ra5 Rd2 71. Ra6+ Kd7 72. Kc4 1-0

[Event "FRM-ch op 19th"]
[Site "Struga"]
[Date "2010.07.22"]
[Round "7"]
[White "Ilic, Zoran"]
[Black "Koteski, Djorgji"]
[Result "1-0"]
[WhiteElo "2280"]
[BlackElo "2261"]
[PlyCount "64"]
[EventDate "2010.07.18"]
[EventType "swiss"]
[EventRounds "9"]
[EventCountry "MKD"]
[SourceTitle "CBM 137 Extra"]
[Source "ChessBase"]
[SourceDate "2010.09.01"]
[SourceVersion "1"]
[SourceVersionDate "2010.09.01"]
[SourceQuality "1"]

1. e4 d6 2. d4 g6 3. Nc3 Bg7 4. Be2 Nf6 5. g4 c6 6. Be3 Qa5 7. f3 b5 8. g5 Nfd7 9. Qd2 Nb6 10. f4 e5 11. Nf3 Bg4 12. 0-0 0-0 13. f5 b4 14. Nd1 Re8 15. dxe5 dxe5 16. Ne1 Bxe2 17. Qxe2 c5 18. h4 Qa6 19. Qf3 N8d7 20. h5 gxf5 21. Qxf5 Qc4 22. Nd3 Rac8 23. N1f2 Qe6 24. Qf3 Rf8 25. Ng4 Qc6 26. Qg2 Qe6 27. Rf5 Nc4 28. Raf1 Nxe3 29. Nxe3 Rfe8 30. Rxf7 Qxf7 31. Rxf7 Kxf7 32. g6+ Kg8 1-0

[Event "FRM-ch op 19th"]
[Site "Struga"]
[Date "2010.07.22"]
[Round "6"]
[White "Koteski, Djorgji"]
[Black "Glavinac, Goran"]
[Result "1-0"]
[WhiteElo "2261"]
[BlackElo "2168"]
[PlyCount "83"]
[EventDate "2010.07.18"]
[EventType "swiss"]
[EventRounds "9"]
[EventCountry "MKD"]
[SourceTitle "CBM 137 Extra"]
[Source "ChessBase"]
[SourceDate "2010.09.01"]
[SourceVersion "1"]
[SourceVersionDate "2010.09.01"]
[SourceQuality "1"]

1. c4 b6 2. Nc3 Bb7 3. d4 e6 4. e3 d5 5. Nf3 Nf6 6. Bd3 Bd6 7. 0-0 0-0 8. b3 a6 9. Bb2 Nc6 10. Rc1 Qe7 11. Re1 dxc4 12. bxc4 e5 13. Nd5 Nxd5 14. cxd5 e4 15. dxc6 Bc8 16. Be2 exf3 17. Bxf3 Bf5 18. e4 Bg6 19. g3 Bb4 20. Re3 f6 21. Bg2 Rfe8 22. a3 Bd6 23. f4 b5 24. e5 fxe5 25. fxe5 Qg5 26. Qe2 b4 27. h4 Qh6 28. a4 Bf8 29. Bh3 Bh5 30. Qd2 Bf7 31. d5 Kh8 32. Rd3 Qh5 33. Qf4 Bg6 34. Bg4 Qh6 35. Qxh6 gxh6 36. Rd2 h5 37. Bd7 Bh6 38. Rcd1 Bxd2 39. Rxd2 Kg8 40. d6 Rf8 41. dxc7 Kf7 42. Rf2+ 1-0

[Event "FRM-ch op 19th"]
[Site "Struga"]
[Date "2010.07.19"]
[Round "2"]
[White "Koteski, Djorgji"]
[Black "Stojanovski, Kire"]
[Result "0-1"]
[WhiteElo "2261"]
[BlackElo "2125"]
[PlyCount "88"]
[EventDate "2010.07.18"]
[EventType "swiss"]
[EventRounds "9"]
[EventCountry "MKD"]
[SourceTitle "CBM 137 Extra"]
[Source "ChessBase"]
[SourceDate "2010.09.01"]
[SourceVersion "1"]
[SourceVersionDate "2010.09.01"]
[SourceQuality "1"]

1. d4 f5 2. c4 e6 3. Nc3 Nf6 4. g3 Be7 5. Bg2 d5 6. Qb3 c6 7. Nf3 Bd6 8. 0-0 Nbd7 9. Ng5 Qe7 10. f3 h6 11. Nh3 dxc4 12. Qxc4 Nb6 13. Qb3 e5 14. dxe5 Bxe5 15. e4 fxe4 16. Nxe4 Nxe4 17. fxe4 Bd4+ 18. Be3 Be6 19. Qd3 Bxe3+ 20. Qxe3 0-0-0 21. b3 g5 22. Nf2 Kb8 23. Rfd1 Rd7 24. Rxd7 Nxd7 25. Rd1 Qc5 26. Rd4 Qb6 27. Qd2 Ne5 28. Rd6 Re8 29. Kh1 a6 30. h3 Kc7 31. Rd4 c5 32. Qc3 Bf7 33. Nd3 Nc6 34. Ra4 c4 35. Nb4 Qd4 36. Qxd4 Nxd4 37. bxc4 Kb6 38. Nd3 Nc6 39. Nb4 Bxc4 40. Nxc6 Bb5 41. Rb4 Kxc6 42. Rd4 Re6 43. a4 Be2 44. Rd2 Bh5 0-1

[Event "FRM-chT 17th"]
[Site "Struga"]
[Date "2008.08.05"]
[Round "2"]
[White "Koteski, Djorgji"]
[Black "Andonovski, Ljubisa"]
[Result "1-0"]
[WhiteElo "2249"]
[BlackElo "2300"]
[PlyCount "67"]
[EventDate "2008.08.04"]
[EventType "team"]
[EventRounds "7"]
[EventCountry "MKD"]
[SourceTitle "CBM 125 Extra"]
[Source "ChessBase"]
[SourceDate "2008.09.01"]
[SourceVersion "1"]
[SourceVersionDate "2008.09.01"]
[SourceQuality "1"]

1. e4 c5 2. Nf3 e6 3. Nc3 Nc6 4. Bb5 Nd4 5. 0-0 a6 6. Be2 b5 7. d3 Bb7 8. Be3 Nxe2+ 9. Nxe2 Nf6 10. h3 Be7 11. Nh2 0-0 12. Ng3 d6 13. f4 g6 14. Ng4 Nxg4 15. hxg4 Bh4 16. Ne2 Bf6 17. Rb1 Re8 18. Qe1 Bg7 19. g5 d5 20. e5 d4 21. Bd2 h6 22. gxh6 Bxh6 23. Qg3 Bg7 24. Kf2 f6 25. Qxg6 fxe5 26. fxe5 Qd5 27. Kg1 Rf8 28. Nf4 Qxe5 29. Nxe6 Rxf1+ 30. Rxf1 Bd5 31. Bh6 Bxe6 32. Bxg7 Qxg7 33. Qxe6+ Kh8 34. Rf3 1-0